000 00719 a2200205 4500
010 _aENG-90049
020 _c295.00
_a0195693337
035 _aEN-73582
037 _bDBAD / PUB
082 1 4 _a321.010954
090 _c12226
_d12226
100 1 _aNandy, Ashis
245 1 _aThe romance of the state:
_cby Ashis Nandy
_band the fate of dissent in the tropics/
260 _aNew Delhi
_bOxford University Press
_c2007
270 _aYMCA Library Building, Jai Singh Road
_bNew Delhi
_cDelhi
_e110001
300 _axiii, 218p.
_c22 cm (Pbk.)
500 _aIncludes index
942 _adpl
_cEN
_k321.010954 / NAN
999 _c11872
_d11872